The challenge of reform in higher education
| Erakunde egilea: | |
|---|---|
| Formatua: | Liburua |
| Argitaratua: |
San José, Costa Rica :
Fundación Omar Dengo,
1997
|
| Gaiak: |
MARC
| LEADER | 00000nam a2200000Ia 4500 | ||
|---|---|---|---|
| 008 | 180427b1997 cr ||||| |||| 00| ||e d | ||
| 999 | |c 1834 |d 1834 | ||
| 090 | |a 06.03.06 |b 845 | ||
| 110 | 1 | |a Fundación Omar Dengo. Centro de Información y Recursos |9 3621 | |
| 245 | 1 | 4 | |a The challenge of reform in higher education |
| 260 | |a San José, Costa Rica : |b Fundación Omar Dengo, |c 1997 | ||
| 300 | |a 200 páginas | ||
| 650 | 1 | 4 | |a EDUCACIÓN SUPERIOR |9 8 |
| 650 | 1 | 4 | |a REFORMA DE LA EDUCACIÓN |9 7 |
| 942 | |i 001415 |h 06.03.06 845 |2 z |c 01 | ||
